000 01120cam a2200217 i 4500
999 _c57950
_d57950
001 17906587
005 20221111164128.0
008 131017t20142014enk b 001 0 eng c
020 _a9781781951736x
042 _aeng
080 _a341.983(4) V-29
100 1 _aVarju, Marton
_911132
245 1 0 _aEuropean Union human rights law :
_bthe dynamics of interpretation and context /
_cMarton Varju, Hungarian Academy of Sciences, Budapest and University of Debrecen, Debrecen, Hungary.
246 3 _aEU human rights law
264 4 _c[2014].
_aCheltenham, UK :
_bEdward Elgar,
300 _a271 pages ;
_c24 cm.
653 _aEuropean Union Human Rights Law : The Dynamics of Interpretation and Context
653 _aადამიანის უფლებათა ევროპული სამართალი : ინტერპრეტაციისა და კონტექსტის დინამიკა
653 _aЗакон Европейского Союза о правах человека : динамика интерпретации и контекста
942 _2udc
_cBK